Don't just applaud, send money : (Record no. 24069)

000 -LEADER
fixed length control field 01051pam a2200265 a 4500
001 - CONTROL NUMBER
control field 3505060
005 - DATE AND TIME OF LATEST TRANSACTION
control field 20170127155930.0
008 - FIXED-LENGTH DATA ELEMENTS--GENERAL INFORMATION
fixed length control field 950321s1995 nyua f 001 0 eng
010 ## - LIBRARY OF CONGRESS CONTROL NUMBER
LC control number 95014236
020 ## - INTERNATIONAL STANDARD BOOK NUMBER
International Standard Book Number 1559361050 (pbk. : alk. paper)
043 ## - GEOGRAPHIC AREA CODE
Geographic area code n-us---
050 00 - LIBRARY OF CONGRESS CALL NUMBER
Classification number NX765 .R46 1995
100 1# - MAIN ENTRY--PERSONAL NAME
Personal name Reiss, Alvin H.
245 10 - TITLE STATEMENT
Title Don't just applaud, send money :
Remainder of title the most succesful strategies for funding and marketing the arts /
Statement of responsibility, etc. Alvin H. Reiss.
260 ## - PUBLICATION, DISTRIBUTION, ETC. (IMPRINT)
Place of publication, distribution, etc. New York :
Name of publisher, distributor, etc. Theatre Communications Group,
Date of publication, distribution, etc. c1995.
300 ## - PHYSICAL DESCRIPTION
Extent xv, i, 146 p. :
Other physical details ill. ;
Dimensions 24 cm.
500 ## - GENERAL NOTE
General note Includes index.
650 #0 - SUBJECT ADDED ENTRY--TOPICAL TERM
Topical term or geographic name as entry element Arts fund raising
Geographic subdivision United States
General subdivision Handbooks, manuals, etc.
942 ## - ADDED ENTRY ELEMENTS (KOHA)
Source of classification or shelving scheme
Koha item type Hard Covered Materials
Holdings
Withdrawn status Lost status Source of classification or shelving scheme Damaged status Not for loan Home library Current library Shelving location Date acquired Source of acquisition Total Checkouts Full call number Barcode Date last seen Price effective from Koha item type
          MACHAKOS UNIVERSITY LIBRARY MACHAKOS UNIVERSITY LIBRARY Technical section 27/01/2017 Donation(BFA)   NX765 .R46 1995 32635 31/05/2018 27/01/2017 Hard Covered Materials
© Machakos University Library, Along The Highway, Machakos Wote Rd, Machakos, Kenya P.O. Box 136 - 90100 Machakos - Kenya

Tel: ( +254 ) 723 805829 OR Fax : 044-20353 OR Email: library@mksu.ac.ke